| 000 | 00606nam a2200193Ia 4500 | ||
|---|---|---|---|
| 008 | 220204s9999 xx 000 0 und d | ||
| 020 | _a9789718676424 | ||
| 082 |
_aNR:338.3 (599) _bRUB |
||
| 245 | 0 | _aRubber Production and management in the philippines | |
| 260 |
_aDA-Bereau of Agricultural Research- University of Southern Mindanao _bPhilippines _c2012 |
||
| 650 | _aInter cropping | ||
| 650 | _aLatex Harvesting | ||
| 650 | _aPhilippine Rubber Clones | ||
| 650 | _aPlantation establishment | ||
| 650 | _aRubber Diseases | ||
| 650 | _aRubber Industry | ||
| 650 | _aWeed Management | ||
| 942 | _cBK | ||
| 999 |
_c44528 _d44528 |
||